[Event "4NCL Online Division 4"]
[Site "online"]
[Date "2020.09.22"]
[Round "3.132"]
[White "Merriman, Rob"]
[Black "Weatherlake, John P"]
[Result "0-1"]
[WhiteElo "1795"]
[BlackElo "1975"]
[PlyCount "64"]
[EventDate "2020.09.22"]
[WhiteTeam "Guildford Gatekeepers"]
[BlackTeam "Wessex Some Stars C"]

1. e4 d6 2. d4 Nf6 3. f3 g6 4. c4 Bg7 5. Be3 Nc6 6. Nc3 O-O 7. Bd3 a6 8. Nge2
Nd7 9. O-O e5 10. d5 Ne7 11. b4 f5 12. Rc1 c5 13. bxc5 Nxc5 14. Bxc5 dxc5 15.
Rb1 g5 16. Na4 b5 17. cxb5 axb5 18. Bxb5 Rf6 19. Bc4 Kh8 20. Qc2 g4 21. Nxc5
gxf3 22. Rxf3 f4 23. a4 Bg4 24. Rf2 f3 25. Ng3 Qc7 26. Bb3 Bh6 27. Re1 Rc8 28.
Ne6 Qa7 29. Qd3 fxg2 30. Nd4 Rxf2 31. Kxf2 Ng6 32. Ngf5 Nf4 0-1

[Event "4NCL Online Division 4"]
[Site "online"]
[Date "2020.09.22"]
[Round "3.133"]
[White "McLeod, Fraser"]
[Black "Kammin, Samuel"]
[Result "1-0"]
[WhiteElo "1967"]
[BlackElo "1780"]
[PlyCount "149"]
[EventDate "2020.09.22"]
[WhiteTeam "Wessex Some Stars C"]
[BlackTeam "Guildford Gatekeepers"]

1. d4 e6 2. c4 f5 3. g3 Nf6 4. Bg2 Be7 5. Nf3 O-O 6. O-O d6 7. b3 Qe8 8. Nc3
Qh5 9. Qd3 Nbd7 10. Re1 e5 11. e4 fxe4 12. Nxe4 Nxe4 13. Qxe4 Nf6 14. Qh4 Qxh4
15. Nxh4 Ng4 16. Nf3 Bf6 17. h3 exd4 18. hxg4 Bxg4 19. Bb2 c5 20. Nd2 Rab8 21.
Bd5+ Kh8 22. f3 Bf5 23. Kg2 b5 24. cxb5 Rxb5 25. Nc4 Rb6 26. Nxb6 axb6 27. Rad1
g5 28. Rd2 Kg7 29. Rde2 Be5 30. Be4 Bd7 31. Bc1 h6 32. Bd5 Kg6 33. Be4+ Kg7 34.
Rf2 g4 35. fxg4 Rxf2+ 36. Kxf2 Bxg4 37. Bf4 h5 38. Bf3 Kf6 39. Bxg4 hxg4 40.
Bd2 Kf5 41. Kg2 d5 42. Kf2 d3 43. Re3 Bd4 44. Ke1 Bxe3 45. Bxe3 Ke4 46. Kd2 d4
47. Bf4 b5 48. Bd6 Kd5 49. Bc7 c4 50. Bf4 Kc5 51. Be5 Kd5 52. Bf4 Kc5 53. Bg5
Kb4 54. Be7+ Ka5 55. Bc5 Ka6 56. Bxd4 Kb7 57. bxc4 bxc4 58. Kc3 Kc6 59. Be3 Kd5
60. a4 Ke4 61. Bf4 Kd5 62. a5 Kc5 63. Be3+ Kb5 64. a6 Kxa6 65. Kxc4 Kb7 66.
Kxd3 Kc6 67. Ke4 Kd6 68. Kf4 Ke6 69. Kxg4 Kf6 70. Kh5 Kg7 71. Bd4+ Kg8 72. Kg6
Kf8 73. g4 Kg8 74. g5 Kf8 75. Kh7 1-0

[Event "4NCL Online Division 4"]
[Site "online"]
[Date "2020.09.22"]
[Round "3.134"]
[White "Tarling, Adam"]
[Black "Krawczuk, Michael J"]
[Result "0-1"]
[WhiteElo "1720"]
[BlackElo "1967"]
[PlyCount "114"]
[EventDate "2020.09.22"]
[WhiteTeam "Guildford Gatekeepers"]
[BlackTeam "Wessex Some Stars C"]

1. e4 c5 2. c3 d5 3. exd5 Qxd5 4. d4 Nc6 5. Nf3 Bg4 6. Be2 cxd4 7. cxd4 e6 8.
Nc3 Qa5 9. O-O Nf6 10. h3 Bh5 11. Be3 Bd6 12. a3 O-O 13. b4 Qd8 14. b5 Ne7 15.
a4 Rc8 16. Qb3 Ned5 17. Nxd5 Nxd5 18. Rac1 Qe7 19. Bg5 f6 20. Bd2 b6 21. Bc4
Bf7 22. Rfe1 Qb7 23. Rc2 Qd7 24. Rec1 Bb8 25. Bxd5 Rxc2 26. Rxc2 exd5 27. Qc3
Be6 28. Qc6 Rc8 29. Qxd7 Bxd7 30. Rxc8+ Bxc8 31. Be3 Bf5 32. Kf1 Bc2 33. a5
bxa5 34. Ke2 Ba4 35. Kd2 Bxb5 36. Kc3 Bd6 37. Kb3 a4+ 38. Kb2 Bc4 39. Nd2 a3+
40. Ka1 Kf7 41. Nb1 Ke6 42. Bc1 Bf1 43. Nxa3 Bxg2 44. Nb5 a6 45. Nxd6 Kxd6 46.
h4 Ke6 47. Ka2 Kf5 48. Kb3 Kg4 49. Ka4 Kxh4 50. Ka5 Bf1 51. Kb6 Kg4 52. f3+
Kxf3 53. Kc5 Bc4 54. Kd6 h5 55. Ke6 h4 56. Kf5 h3 57. Bf4 Bd3+ 0-1

[Event "4NCL Online Division 4"]
[Site "online"]
[Date "2020.09.22"]
[Round "3.141"]
[White "Rothwell, James P"]
[Black "Marshall, John R"]
[Result "1-0"]
[WhiteElo "1870"]
[BlackElo "1660"]
[PlyCount "101"]
[EventDate "2020.09.22"]
[WhiteTeam "Atticus B"]
[BlackTeam "Temple Sutton"]

1. Nf3 Nf6 2. c4 g6 3. Nc3 Bg7 4. e3 d6 5. d4 O-O 6. Bd3 c5 7. d5 Bg4 8. h3 Bd7
9. O-O Na6 10. a3 Nc7 11. e4 e6 12. Bf4 e5 13. Bg5 Rb8 14. b4 b6 15. Qd2 Re8
16. Rab1 cxb4 17. axb4 a5 18. b5 Qc8 19. Nh2 Nh5 20. Ne2 f6 21. Bh6 Bh8 22. g4
Ng7 23. f4 exf4 24. Bxf4 Re5 25. Bxe5 fxe5 26. Qe3 Qe8 27. Nc3 Qe7 28. Kg2 Nge8
29. Rf2 Bf6 30. Nf3 g5 31. Rbf1 Kg7 32. Ne2 Kg6 33. Ng3 Ng7 34. Nd2 Nce8 35.
Nb1 h6 36. Nc3 h5 37. gxh5+ Nxh5 38. Nxh5 Kxh5 39. Be2+ Kg6 40. Qg3 Qh7 41. Bg4
Bxg4 42. hxg4 Qh4 43. Qf3 Qh8 44. Qf5+ Kg7 45. Rh1 Qg8 46. Qd7+ Kg6 47. Qf5+
Kg7 48. Rh5 Ra8 49. Kg3 a4 50. Rfh2 Kf8 51. Rh8 1-0

[Event "4NCL Online Division 4"]
[Site "online"]
[Date "2020.09.22"]
[Round "3.142"]
[White "Pool, Melvin R"]
[Black "Banerjee, Sanjoy K"]
[Result "0-1"]
[WhiteElo "1645"]
[BlackElo "1720"]
[PlyCount "70"]
[EventDate "2020.09.22"]
[WhiteTeam "Temple Sutton"]
[BlackTeam "Atticus B"]

1. e4 c5 2. Nf3 d6 3. d4 cxd4 4. Nxd4 Nf6 5. Nc3 a6 6. h3 e6 7. g4 h6 8. Bg2
Be7 9. Be3 Qc7 10. Qd2 Nbd7 11. O-O-O Rb8 12. f3 b5 13. h4 Nb6 14. b3 b4 15.
Nce2 d5 16. e5 Nfd7 17. f4 Nc5 18. g5 h5 19. Ng3 g6 20. Rhf1 Bd7 21. Kb1 a5 22.
Rc1 a4 23. Bf3 Qb7 24. Be2 O-O 25. Bxh5 gxh5 26. Nxh5 Ne4 27. Qg2 Nc3+ 28. Ka1
axb3 29. Nf6+ Kh8 30. Qg4 Kg7 31. h5 b2+ 32. Kxb2 Nc4+ 33. Kb3 Qa6 34. h6+ Kh8
35. a4 Bxa4# 0-1

[Event "4NCL Online Division 4"]
[Site "online"]
[Date "2020.09.22"]
[Round "3.143"]
[White "Wadsworth, Mark S"]
[Black "Audhora, Purba"]
[Result "1-0"]
[WhiteElo "1690"]
[BlackElo "1555"]
[PlyCount "75"]
[EventDate "2020.09.22"]
[WhiteTeam "Atticus B"]
[BlackTeam "Temple Sutton"]

1. c4 Nf6 2. g3 e5 3. Bg2 Nc6 4. Nc3 Bc5 5. e3 a6 6. Nf3 d6 7. a3 O-O 8. b4 Ba7
9. O-O Be6 10. d3 Qc8 11. Ng5 Bg4 12. Qc2 h6 13. Nge4 Nxe4 14. Bxe4 Bh3 15. Re1
Ne7 16. Bb2 c6 17. Ne2 Qg4 18. Bg2 Bxg2 19. Kxg2 f5 20. Qc3 f4 21. exf4 exf4
22. Nxf4 Rxf4 23. Qxg7+ Qxg7 24. Bxg7 Kxg7 25. gxf4 Ng6 26. Kg3 Rf8 27. Re4 d5
28. cxd5 cxd5 29. Re6 Rf7 30. Rae1 Nxf4 31. Re7 Nxd3 32. Rxf7+ Kxf7 33. Rd1
Nxf2 34. Rxd5 Ne4+ 35. Kf4 Ng5 36. Rd7+ Ke6 37. Rxb7 Bd4 38. h4 1-0

[Event "4NCL Online Division 4"]
[Site "online"]
[Date "2020.09.22"]
[Round "3.144"]
[White "Clancy, Mark"]
[Black "Webster, Lee"]
[Result "1-0"]
[WhiteElo "1450"]
[BlackElo "1675"]
[PlyCount "61"]
[EventDate "2020.09.22"]
[WhiteTeam "Temple Sutton"]
[BlackTeam "Atticus B"]

1. e4 d5 2. exd5 Nf6 3. d4 Nxd5 4. Nf3 Bg4 5. Be2 e6 6. O-O Be7 7. Bd2 O-O 8.
Nc3 c6 9. Ne4 Nd7 10. h3 Bh5 11. c3 c5 12. Ng3 Bg6 13. Re1 cxd4 14. Nxd4 Qb6
15. Qc1 Rac8 16. Nf3 Bc5 17. Rf1 Bd6 18. Nh1 Nb4 19. Be3 Qd8 20. Qd2 Nc2 21.
Qxd6 Nxa1 22. Rxa1 Rc6 23. Qd2 Qc7 24. Rd1 Ne5 25. Nxe5 Qxe5 26. Qd7 Rc7 27.
Qd2 Qa5 28. a3 h6 29. Ng3 Rfc8 30. Qd4 Rc5 31. b4 1-0

[Event "4NCL Online Division 4"]
[Site "online"]
[Date "2020.09.22"]
[Round "3.151"]
[White "Healey, Grant"]
[Black "Vaidyanathan, Adithya"]
[Result "1-0"]
[WhiteElo "1922"]
[BlackElo "1472"]
[PlyCount "73"]
[EventDate "2020.09.22"]
[WhiteTeam "Camborne Trevithick"]
[BlackTeam "Warwickshire Bears B"]

1. d4 d5 2. Bg5 Nc6 3. e3 Nf6 4. Bb5 Bg4 5. Nf3 Bxf3 6. Qxf3 a6 7. Ba4 Ne4 8.
Bh4 b5 9. Bb3 Na5 10. Nc3 Nxc3 11. bxc3 Nxb3 12. cxb3 c6 13. O-O Qc7 14. e4
dxe4 15. Qxe4 e6 16. Rac1 Bd6 17. c4 Bxh2+ 18. Kh1 Bf4 19. Rcd1 bxc4 20. bxc4
O-O 21. d5 cxd5 22. cxd5 exd5 23. Rxd5 Rfe8 24. Qf3 Bd6 25. Rfd1 Bc5 26. Rd7
Re1+ 27. Rxe1 Qxd7 28. Qxa8+ Bf8 29. Be7 h6 30. Qxf8+ Kh7 31. Qxf7 Qd2 32. Qf5+
Kh8 33. Rb1 Qe1+ 34. Rxe1 g6 35. Bf6+ Kg8 36. Qxg6+ Kf8 37. Qg7# 1-0

[Event "4NCL Online Division 4"]
[Site "online"]
[Date "2020.09.22"]
[Round "3.152"]
[White "He, Tom Junde"]
[Black "Williams, Philip J"]
[Result "0-1"]
[WhiteElo "1465"]
[BlackElo "1855"]
[PlyCount "54"]
[EventDate "2020.09.22"]
[WhiteTeam "Warwickshire Bears B"]
[BlackTeam "Camborne Trevithick"]

1. e4 e5 2. Nf3 Nc6 3. Bc4 Nf6 4. Ng5 d5 5. exd5 Na5 6. b3 h6 7. Nf3 e4 8. Nd4
Bc5 9. Ne2 O-O 10. O-O Nxd5 11. Bxd5 Qxd5 12. Nbc3 Qe6 13. Nf4 Qe5 14. d4 Bxd4
15. Nfe2 Bxc3 16. Nxc3 Qxc3 17. Bd2 Qe5 18. Re1 Nc6 19. f3 Qd4+ 20. Kh1 exf3
21. gxf3 Bf5 22. Rg1 Rad8 23. Bxh6 Qxd1 24. Bxg7 Qxf3+ 25. Rg2 Rd1+ 26. Rxd1
Qxd1+ 27. Rg1 Be4# 0-1

[Event "4NCL Online Division 4"]
[Site "online"]
[Date "2020.09.22"]
[Round "3.153"]
[White "Morgan, Jamie"]
[Black "Amir, Zain"]
[Result "1-0"]
[WhiteElo "1840"]
[BlackElo "1427"]
[PlyCount "65"]
[EventDate "2020.09.22"]
[WhiteTeam "Camborne Trevithick"]
[BlackTeam "Warwickshire Bears B"]

1. e4 Nc6 2. Nf3 d6 3. d4 Bg4 4. d5 Nb8 5. h3 Bh5 6. b3 Nf6 7. Nbd2 c6 8. c4
Bxf3 9. Qxf3 g6 10. Bb2 Bg7 11. Be2 O-O 12. O-O Nxe4 13. Bxg7 Nxd2 14. Qc3 Nxf1
15. Bh6 f6 16. Bg4 Re8 17. Be6+ Kh8 18. Rxf1 Nd7 19. h4 Nf8 20. Bf7 Qd7 21. Re1
Rac8 22. Qd4 c5 23. Qc3 Ra8 24. Re3 Qf5 25. Bxe8 Rxe8 26. Bxf8 Rxf8 27. Rxe7
Rb8 28. Re6 Rd8 29. Rxf6 Qb1+ 30. Kh2 Kg8 31. Re6 Qf5 32. Re7 Rd7 33. Qg7# 1-0

[Event "4NCL Online Division 4"]
[Site "online"]
[Date "2020.09.22"]
[Round "3.154"]
[White "Nasibova, Margarita"]
[Black "Smith, Richard AL"]
[Result "0-1"]
[WhiteElo "1435"]
[BlackElo "1810"]
[PlyCount "62"]
[EventDate "2020.09.22"]
[WhiteTeam "Warwickshire Bears B"]
[BlackTeam "Camborne Trevithick"]

1. c4 e5 2. Nc3 Nf6 3. g3 d6 4. Bg2 Nc6 5. e4 Be7 6. h3 O-O 7. Nge2 Re8 8. O-O
h6 9. d3 Nh7 10. Kh2 Bg5 11. f4 exf4 12. gxf4 Bh4 13. Ng3 Bxg3+ 14. Kxg3 f5 15.
Kh2 Nf6 16. Rg1 fxe4 17. Nxe4 Nxe4 18. Bxe4 Qh4 19. Qf1 Nd4 20. Be3 Nc2 21. Qg2
Re7 22. Bd5+ Kh8 23. Bf2 Qf6 24. Rab1 Re2 25. Qf3 Nd4 26. Qg3 Bf5 27. Rg2 Rae8
28. Rbg1 Rxb2 29. Bxd4 Qxd4 30. Bf7 Rxg2+ 31. Rxg2 Re3 0-1

[Event "4NCL Online Division 4"]
[Site "online"]
[Date "2020.09.22"]
[Round "3.161"]
[White "O'Byrne, Daniel"]
[Black "Smith, Peter J"]
[Result "1-0"]
[WhiteElo "1742"]
[BlackElo "1667"]
[PlyCount "93"]
[EventDate "2020.09.22"]
[WhiteTeam "War & Piece 1"]
[BlackTeam "Bishop Trojans"]

1. e4 a6 2. Nf3 h6 3. d4 d6 4. Nc3 c6 5. Bd3 Qc7 6. e5 d5 7. O-O g5 8. Be3 Be6
9. Ne2 Bg4 10. Nd2 e6 11. f3 Bh5 12. Ng3 Bg6 13. Bxg6 fxg6 14. f4 gxf4 15. Bxf4
Ne7 16. Qg4 Qd7 17. Nb3 b6 18. Bd2 h5 19. Qg5 Kd8 20. Rf7 Qe8 21. Qf6 Rg8 22.
Bg5 Kd7 23. Rf1 Kc8 24. Qxe6+ Kb7 25. Bxe7 Nd7 26. R1f6 Rc8 27. Bxf8 Qxe6 28.
Rxe6 Rgxf8 29. Rxd7+ Kb8 30. Ree7 Rce8 31. Rb7+ Ka8 32. Rxe8+ Rxe8 33. Rxb6 Ka7
34. Rxc6 Rg8 35. Nc5 h4 36. Ne2 g5 37. Rxa6+ Kb8 38. Nd7+ Kb7 39. Rd6 Kc7 40.
Nf6 Rf8 41. Rxd5 Ra8 42. Rc5+ Kd8 43. Nc3 Ke7 44. a4 Rb8 45. Ncd5+ Ke6 46. b4
Rd8 47. a5 1-0

[Event "4NCL Online Division 4"]
[Site "online"]
[Date "2020.09.22"]
[Round "3.162"]
[White "Bainbridge, Bryan J"]
[Black "Kelly, Richard"]
[Result "1-0"]
[WhiteElo "1547"]
[BlackElo "1817"]
[PlyCount "102"]
[EventDate "2020.09.22"]
[WhiteTeam "Bishop Trojans"]
[BlackTeam "War & Piece 1"]

1. e4 e6 2. Nc3 d5 3. g3 d4 4. Nb1 e5 5. d3 Nf6 6. Bg2 Bb4+ 7. Nd2 O-O 8. a3
Bxd2+ 9. Bxd2 c5 10. f4 Nc6 11. Nf3 b5 12. h3 Bb7 13. g4 c4 14. O-O Rc8 15. f5
Qb6 16. Bg5 Kh8 17. Bxf6 gxf6 18. Qe1 cxd3 19. cxd3 Na5 20. Qh4 Rg8 21. Rac1
Qd8 22. Rxc8 Bxc8 23. Rc1 Bb7 24. Rc5 a6 25. Rc2 Nb3 26. Bf1 Rg7 27. Rg2 Qe7
28. Qg3 a5 29. h4 b4 30. axb4 axb4 31. g5 Nc5 32. Qe1 b3 33. Qd2 h5 34. gxh6
Rxg2+ 35. Qxg2 Qf8 36. Qd2 Kh7 37. Qc1 Ba6 38. Qd2 Qg8+ 39. Kh2 Nxe4 40. dxe4
Bxf1 41. Qf2 Bc4 42. Nd2 Bb5 43. Qf3 Kxh6 44. Qxb3 Be2 45. Qb6 Kg7 46. Qb3 d3
47. Qb6 Qh7 48. Qg1+ Kh8 49. Qg3 Qh6 50. Qe1 Qe3 51. b4 Qf3 1-0

[Event "4NCL Online Division 4"]
[Site "online"]
[Date "2020.09.22"]
[Round "3.163"]
[White "Chwieseni, Edward I"]
[Black "Berry, Robert"]
[Result "0-1"]
[WhiteElo "1696"]
[BlackElo "1555"]
[PlyCount "70"]
[EventDate "2020.09.22"]
[WhiteTeam "War & Piece 1"]
[BlackTeam "Bishop Trojans"]

1. e4 e5 2. Nf3 Nc6 3. Bc4 Bc5 4. O-O Nf6 5. Nxe5 Nxe5 6. d4 Nxc4 7. dxc5 Ne5
8. Nc3 O-O 9. Bg5 h6 10. Bh4 Ng6 11. Bg3 Re8 12. f3 Nh5 13. Bf2 Nhf4 14. g3
Nh3+ 15. Kh1 Nxf2+ 16. Rxf2 d6 17. Rd2 Ne5 18. Nb5 a6 19. Nc3 Be6 20. Qe2 Qf6
21. Rf1 Bc4 22. Rd3 Bxd3 23. cxd3 dxc5 24. Nd5 Qd6 25. f4 Ng6 26. f5 Ne5 27. f6
g6 28. g4 c6 29. Ne7+ Kh7 30. h4 Qxd3 31. Qg2 Qd7 32. Rf2 Qxg4 33. Qxg4 Nxg4
34. Rg2 h5 35. b3 Rad8 0-1

[Event "4NCL Online Division 4"]
[Site "online"]
[Date "2020.09.22"]
[Round "3.164"]
[White "Siddle, Michael"]
[Black "Morrison, Munroe L"]
[Result "1-0"]
[WhiteElo "1570"]
[BlackElo "1675"]
[PlyCount "37"]
[EventDate "2020.09.22"]
[WhiteTeam "Bishop Trojans"]
[BlackTeam "War & Piece 1"]

1. c4 g6 2. g3 Bg7 3. Bg2 d6 4. Nc3 e5 5. e4 Be6 6. d3 Nc6 7. Nf3 h6 8. a3 a5
9. Nd5 Qd7 10. Bd2 Nce7 11. b4 Bh3 12. Bxh3 Qxh3 13. Nxc7+ Kd7 14. Nxa8 Nf6 15.
Nb6+ Kc7 16. bxa5 Qg2 17. Ke2 Nc6 18. Nd5+ Nxd5 19. cxd5 1-0

[Event "4NCL Online Division 4"]
[Site "online"]
[Date "2020.10.06"]
[Round "4.11"]
[White "Yogit, Senthilnathan"]
[Black "Kruitbosch, Gijs"]
[Result "1-0"]
[WhiteElo "2117"]
[BlackElo "1840"]
[PlyCount "77"]
[EventDate "2020.10.06"]
[WhiteTeam "Uxbridge Knights A"]
[BlackTeam "Wigston 2"]

1. e4 e5 2. Nf3 Nc6 3. Bb5 a6 4. Ba4 Nf6 5. O-O b5 6. Bb3 Bc5 7. a4 Bb7 8. d3
O-O 9. Bg5 h6 10. Bh4 Be7 11. Nbd2 Nh7 12. Bg3 d6 13. Re1 Ng5 14. Nh4 Nd4 15.
c3 Nxb3 16. Qxb3 Nxe4 17. dxe4 Bxh4 18. axb5 axb5 19. Rxa8 Bxa8 20. Qxb5 Bxg3
21. hxg3 f5 22. exf5 Rxf5 23. Ra1 Qf8 24. Qc4+ Kh8 25. Qxc7 Bxg2 26. Qb6 Ba8
27. Qa7 Bc6 28. Ra6 Qc8 29. Qb6 Bb7 30. Ra7 Ba8 31. Qa6 Rf8 32. Qxc8 Rxc8 33.
Rd7 d5 34. Nf3 d4 35. Nxe5 dxc3 36. bxc3 Kh7 37. c4 Rc5 38. f4 Bc6 39. Rc7 1-0

[Event "4NCL Online Division 4"]
[Site "online"]
[Date "2020.10.06"]
[Round "4.12"]
[White "Pike, Andrew"]
[Black "Symonds, Richard H"]
[Result "0-1"]
[WhiteElo "1645"]
[BlackElo "1981"]
[PlyCount "72"]
[EventDate "2020.10.06"]
[WhiteTeam "Wigston 2"]
[BlackTeam "Uxbridge Knights A"]

1. c4 e5 2. a3 Nc6 3. Nc3 g6 4. Nf3 Bg7 5. e4 d6 6. h3 Nge7 7. d3 O-O 8. Be2 h6
9. O-O Be6 10. Nh2 Qd7 11. Bg4 f5 12. exf5 gxf5 13. Bh5 Nd4 14. Be3 c5 15. f4
Kh7 16. Rb1 Rg8 17. Ne2 Rab8 18. Nxd4 cxd4 19. Bd2 e4 20. dxe4 fxe4 21. g4 Bxc4
22. Re1 d5 23. Rc1 Rbc8 24. Bb4 Nc6 25. Rxc4 dxc4 26. Rxe4 Nxb4 27. axb4 d3 28.
Nf3 c3 29. bxc3 Rxc3 30. Ne5 Bxe5 31. fxe5 d2 32. e6 Rc1 33. exd7 Rxd1+ 34. Kf2
Rf1+ 35. Kxf1 d1=Q+ 36. Re1 Rf8+ 0-1

[Event "4NCL Online Division 4"]
[Site "online"]
[Date "2020.10.06"]
[Round "4.13"]
[White "Kamath, Raghu"]
[Black "Collins, RF (Bob)"]
[Result "1-0"]
[WhiteElo "1885"]
[BlackElo "1480"]
[PlyCount "145"]
[EventDate "2020.10.06"]
[WhiteTeam "Uxbridge Knights A"]
[BlackTeam "Wigston 2"]

1. e4 c5 2. Nc3 d6 3. f4 a6 4. d3 Nc6 5. Nf3 g6 6. g3 Bg7 7. Bg2 Nf6 8. O-O O-O
9. h3 Rb8 10. Qe2 Nh5 11. Kh2 Nd4 12. Nxd4 Bxd4 13. g4 Nf6 14. f5 b6 15. Bh6 b5
16. Bxf8 Qxf8 17. Qd2 b4 18. Nd1 Nd7 19. Rb1 a5 20. b3 Qg7 21. Kh1 Bb7 22. Ne3
Nb6 23. g5 h5 24. gxh6 Qxh6 25. Nc4 Qxd2 26. Nxd2 Kg7 27. Nf3 Bf6 28. fxg6 Kxg6
29. Nh2 Rh8 30. Ng4 Bd4 31. Kh2 Bc8 32. Kg3 f6 33. Rbe1 Nd7 34. Rh1 Ne5 35.
Ref1 Nf7 36. Re1 Ne5 37. Ne3 e6 38. Ng4 Nf7 39. h4 Ne5 40. h5+ Kg5 41. Nxe5
Bxe5+ 42. Kf3 Bd7 43. Bh3 Be8 44. Bxe6 Bxh5+ 45. Kg2 Rh7 46. Ref1 Rg7 47. Rf5+
Kh6+ 48. Kf1 Rg5 49. Bf7 Rxf5+ 50. exf5 Kg5 51. Rxh5+ Kf4 52. Be6 Ke3 53. Ke1
Kd4 54. Rh8 Kc3 55. Kd1 Kb2 56. Ra8 Kxa2 57. Rxa5+ Kb2 58. Bc4 Kc3 59. Ra8 Kb2
60. Re8 Kc3 61. Re7 Kd4 62. Ke2 Kc3 63. Re6 Kd4 64. Kf3 Kc3 65. Ke4 Kxc2 66.
Kd5 Kc3 67. Rxe5 dxe5 68. Ke6 Kd4 69. Kxf6 e4 70. dxe4 Kxe4 71. Ke6 Kd4 72. f6
Kc3 73. f7 1-0

[Event "4NCL Online Division 4"]
[Site "online"]
[Date "2020.10.06"]
[Round "4.14"]
[White "Hill, Granville"]
[Black "Colter, Nigel"]
[Result "0-1"]
[WhiteElo "1450"]
[BlackElo "1780"]
[PlyCount "102"]
[EventDate "2020.10.06"]
[WhiteTeam "Wigston 2"]
[BlackTeam "Uxbridge Knights A"]

1. e4 e6 2. d4 d5 3. Bd3 dxe4 4. Bxe4 Nf6 5. Bd3 c5 6. Nf3 cxd4 7. Nxd4 Bc5 8.
Nf3 O-O 9. O-O Qc7 10. h3 b6 11. Bg5 Nbd7 12. Nbd2 Bb7 13. c3 Rfe8 14. Qe2 h6
15. Bxf6 Nxf6 16. Be4 Rad8 17. Bxb7 Qxb7 18. Rad1 Be7 19. Nc4 Qa6 20. b3 Nd5
21. Qc2 Rc8 22. Qb2 b5 23. Nce5 Ba3 24. Qb1 Nxc3 25. Qd3 Nxd1 26. Rxd1 Re7 27.
Qe4 Qb7 28. Qd3 Rec7 29. Qe3 Bc5 30. Qf4 Qb6 31. Qh4 Bd6 32. b4 Rc1 33. Rxc1
Rxc1+ 34. Kh2 f6 35. Qg4 Bc7 36. Qe4 Qb8 37. Qe3 Bxe5+ 38. Nxe5 Qxe5+ 39. Qxe5
fxe5 40. Kg3 Ra1 41. Kf3 Rxa2 42. Ke3 Kf7 43. f3 Rxg2 44. Ke4 Rb2 45. Kxe5 Rxb4
46. Kd6 Rd4+ 47. Kc5 Rd5+ 48. Kb4 Ke7 49. f4 Kd6 50. h4 Kc6 51. Kc3 Kc5 0-1

[Event "4NCL Online Division 4"]
[Site "online"]
[Date "2020.10.06"]
[Round "4.21"]
[White "Shepherd, Tom"]
[Black "Stewart, Martin"]
[Result "0-1"]
[WhiteElo "2027"]
[BlackElo "1840"]
[PlyCount "84"]
[EventDate "2020.10.06"]
[WhiteTeam "MCS Oxford A"]
[BlackTeam "Catford Cosmonauts 3"]

1. d4 Nf6 2. Nf3 g6 3. g3 d5 4. Bg2 Nc6 5. O-O Bg7 6. c3 O-O 7. Bf4 Re8 8. Ne5
Nh5 9. Qb3 Nxf4 10. gxf4 Nxe5 11. dxe5 c6 12. Nd2 b6 13. Nf3 Bf5 14. Nd4 Bd7
15. a4 c5 16. Nb5 a6 17. Na3 Bc6 18. Rfd1 e6 19. c4 Qh4 20. cxd5 Bxd5 21. Bxd5
exd5 22. Qf3 Rad8 23. e3 f6 24. e6 f5 25. Rxd5 Bxb2 26. Ra2 Bxa3 27. Rxa3 Rxd5
28. Qxd5 Qe7 29. Qc4 a5 30. Rd3 Qxe6 31. Qb5 Rc8 32. Rd7 c4 33. Rb7 Rc6 34.
Rb8+ Kg7 35. Rb7+ Kh6 36. Qb1 Qe4 37. Qa1 c3 38. Qa3 Qb1+ 39. Kg2 Qb4 40. Qa2
Qc4 41. Qa3 Rc5 42. Qa1 Qe4+ 0-1

[Event "4NCL Online Division 4"]
[Site "online"]
[Date "2020.10.06"]
[Round "4.22"]
[White "Sedykh, Stakhey"]
[Black "Selvaraj, Hari"]
[Result "1/2-1/2"]
[WhiteElo "1780"]
[BlackElo "1930"]
[PlyCount "179"]
[EventDate "2020.10.06"]
[WhiteTeam "Catford Cosmonauts 3"]
[BlackTeam "MCS Oxford A"]

1. e4 c5 2. Nc3 e6 3. g3 Nc6 4. Bg2 Nf6 5. d3 g6 6. f4 Bg7 7. Nf3 d5 8. e5 Nd7
9. O-O Qb6 10. Kh1 O-O 11. Qe1 f6 12. exf6 Nxf6 13. Qf2 Ng4 14. Qe2 Nh6 15. Ng5
Nd4 16. Qd1 Bd7 17. Rb1 Nhf5 18. Bd2 Rae8 19. Re1 Qd6 20. Rc1 b5 21. b3 b4 22.
Ne2 Nxe2 23. Qxe2 Nd4 24. Qd1 a5 25. c3 Nb5 26. c4 Nd4 27. Be3 Nf5 28. cxd5
Nxe3 29. Rxe3 exd5 30. Qd2 Bd4 31. Rxe8 Rxe8 32. Re1 Rxe1+ 33. Qxe1 Kg7 34. Qe2
h6 35. Nf3 Bf6 36. Nd2 Bc6 37. Kg1 Qe7 38. Qxe7+ Bxe7 39. Nf3 Bb5 40. Ne5 d4
41. Be4 g5 42. fxg5 Bxg5 43. Nc4 a4 44. Kf2 Kf6 45. Kf3 Ke6 46. Ke2 Bd8 47. Kf3
Kf6 48. Bh7 Bc7 49. Be4 h5 50. Ke2 Bd7 51. Kf3 Bg4+ 52. Kf2 Bd1 53. Nd2 Kg5 54.
Bd5 Bb6 55. Bc4 Kg4 56. Kg2 a3 57. Be6+ Kg5 58. Bc4 Bc2 59. Kf2 Kf5 60. Kg2 h4
61. gxh4 Kg4 62. Ne4 Bb1 63. Nd2 Bxa2 64. h5 Kxh5 65. Kf2 Bc7 66. Ke1 Bxh2 67.
Kd1 Kg4 68. Kc2 Kf4 69. Ne4 Ke3 70. Nd2 Ke2 71. Ne4 Bf4 72. Nxc5 Bd2 73. Ne4
Bc3 74. Nc5 Ke1 75. Ne4 Ke2 76. Nc5 Ke3 77. Ne4 Kf4 78. Nc5 Ke5 79. Ne4 Kf4 80.
Nc5 Kf5 81. Ne4 Kg6 82. Nc5 Kg7 83. Ne4 Kf8 84. Nc5 Ke7 85. Ne4 Kd8 86. Nc5 Kc7
87. Ne4 Kc6 88. Bg8 Kb5 89. Bc4+ Kb6 90. Bg8 1/2-1/2

[Event "4NCL Online Division 4"]
[Site "online"]
[Date "2020.10.06"]
[Round "4.23"]
[White "Zhu, Hou Ning"]
[Black "Foreman, Anthony"]
[Result "1-0"]
[WhiteElo "1802"]
[BlackElo "1570"]
[PlyCount "95"]
[EventDate "2020.10.06"]
[WhiteTeam "MCS Oxford A"]
[BlackTeam "Catford Cosmonauts 3"]

1. c4 e6 2. g3 d5 3. Bg2 Nf6 4. Nf3 dxc4 5. Qa4+ Bd7 6. Qxc4 Bc6 7. O-O Qd5 8.
Qxd5 Bxd5 9. Nc3 Bc6 10. d4 Bd6 11. Re1 O-O 12. e4 Bb4 13. Ne5 Rd8 14. a3 Be7
15. Be3 b6 16. Nxc6 Nxc6 17. e5 Nd5 18. Nxd5 exd5 19. Rac1 Na5 20. Rxc7 Kf8 21.
Rec1 Nc4 22. Bxd5 Rxd5 23. R1xc4 Bd8 24. Rc8 Rxc8 25. Rxc8 f6 26. f4 Ke7 27.
Kg2 Kd7 28. Rc2 f5 29. Kf3 Be7 30. g4 g6 31. h3 Bd8 32. gxf5 gxf5 33. Rg2 Kc8
34. Rg7 h5 35. Rxa7 Bc7 36. Ra8+ Bb8 37. Ra4 Kb7 38. Rc4 Bc7 39. Rc2 Bd8 40.
Rg2 h4 41. Rg7+ Kc6 42. Rf7 Rb5 43. b4 Rd5 44. Rxf5 Kd7 45. Ke4 Ke6 46. Rh5 Rd7
47. f5+ Kf7 48. e6+ 1-0

[Event "4NCL Online Division 4"]
[Site "online"]
[Date "2020.10.06"]
[Round "4.24"]
[White "Marchettini, Cristiano"]
[Black "Shen, Alex"]
[Result "1/2-1/2"]
[WhiteElo "1405"]
[BlackElo "1630"]
[PlyCount "81"]
[EventDate "2020.10.06"]
[WhiteTeam "Catford Cosmonauts 3"]
[BlackTeam "MCS Oxford A"]

1. d4 Nf6 2. Nc3 g6 3. Bf4 d5 4. e3 Bg7 5. Nb5 Na6 6. Nf3 O-O 7. Bd3 Bg4 8. h3
Bxf3 9. Qxf3 c6 10. Nc3 Nc7 11. h4 h5 12. Bg5 Re8 13. O-O-O e5 14. dxe5 Rxe5
15. e4 Qe7 16. exd5 Ncxd5 17. Nxd5 cxd5 18. g3 Re8 19. Rhg1 Qd8 20. g4 hxg4 21.
Rxg4 Qb6 22. Bxf6 Qxf6 23. Qxf6 Bxf6 24. Rh1 Re1+ 25. Rxe1 Rxe1+ 26. Kd2 Rb1
27. b3 Ra1 28. h5 Rxa2 29. hxg6 Kg7 30. gxf7+ Kxf7 31. Rf4 Ke6 32. Rf5 a5 33.
Ke3 a4 34. bxa4 Rxa4 35. Rh5 Bd4+ 36. Kf3 Ra8 37. Rh4 Rf8+ 38. Rf4 Rxf4+ 39.
Kxf4 Bxf2 40. c4 dxc4 41. Bxc4+ 1/2-1/2

[Event "4NCL Online Division 4"]
[Site "online"]
[Date "2020.10.06"]
[Round "4.31"]
[White "Adam, David W"]
[Black "Carter, John P"]
[Result "1/2-1/2"]
[WhiteElo "1758"]
[BlackElo "1795"]
[PlyCount "58"]
[EventDate "2020.10.06"]
[WhiteTeam "Bradford DCA Knights B"]
[BlackTeam "Wantage"]

1. c4 e5 2. d3 Nf6 3. Nc3 d5 4. cxd5 Nxd5 5. g3 Nc6 6. Bg2 Be6 7. Nf3 Bb4 8.
Bd2 O-O 9. O-O a5 10. Rc1 Qd7 11. Ng5 Nf6 12. Nxe6 Qxe6 13. a3 Bxc3 14. Rxc3 e4
15. dxe4 Rfd8 16. Qc1 Nxe4 17. Bxe4 Qxe4 18. Be3 Rd7 19. f3 Qe6 20. Qc2 Rad8
21. g4 Ne7 22. Bg5 f6 23. Bc1 c6 24. Re3 Qd6 25. Rd3 Qe6 26. Rfd1 Rxd3 27. Rxd3
Rxd3 28. Qxd3 Qd5 29. Qxd5+ Nxd5 1/2-1/2